Countries Starting with A and their Capitals - Statistics

General Stats
  • This quiz has been taken 93 times
  • The average score is 20 of 22
Answer Stats
Country % Correct
Australia
99%
Austria
99%
Azerbaijan
99%
Angola
97%
Vienna
97%
Afghanistan
96%
Armenia
96%
Algeria
94%
Algiers
94%
Andorra
94%
Canberra
94%
Argentina
93%
Albania
92%
Buenos Aires
92%
Antigua and Barbuda
90%
Kabul
90%
Andorra la Vella
86%
Baku
86%
Tirana
82%
Luanda
74%
Yerevan
74%
Saint John's
72%
No matching quizzes found
Score Distribution
Percent of People with Each Score
Percentile by Number Answered
Your Score History
You have not taken this quiz